| 000 | 01616nam a2200241Ia 4500 | ||
|---|---|---|---|
| 003 | Ost | ||
| 005 | 20260507075420.0 | ||
| 008 | 260507s9999||||xx |||||||||||||| ||und|| | ||
| 020 | _a978995732845 | ||
| 040 | _cfsecg | ||
| 041 | _aara | ||
| 082 | _a330 | ||
| 100 |
_aكافي، مصطفى يوسف _eمؤلف |
||
| 245 | 0 |
_aمدخل إلى العلوم السياحية والفندقية / _c مصطفى يوسف كافي |
|
| 260 |
_aعمان: _bدار الحامد للنشر والتوزيع, _c2015 |
||
| 300 |
_a387 صفحة؛ _bإيضاحات ؛ _c24 سم |
||
| 504 | _aالمراجع ص.385 | ||
| 520 | _aمدخل إلى العلوم السياحية، تعريف السياحة وتحليل عناصرها، السياحة الحديثة، أنواع السياحة، الأنماط السياحية وعلاقتها بالعلوم والأنشطة الأخرى، لزوميات الدليل السياحي، السياحة والبيئة، السياحة البيئية العربية، السياحة الدولية، مفهوم السياحة الإلكترونية، مدخل إلى العلوم الفندقية، تاريخ صناعة الفنادق، أنواع الخدمات الفندقية، نمو صناعة الفنادق، وظائف إدارة الأعمال الفندقية، وصف الوظائف الفندقية، الأنماط العالمية في الإدارة الفندقية، شهادة الفنادق الخضراء. | ||
| 653 | _aإدارة- الفنادق | ||
| 653 | _aالسياحة والفندقة | ||
| 653 | _aتنمية السياحة | ||
| 942 | _cكتاب | ||
| 999 |
_c44464 _d44464 |
||